| 000 | 00862nam a22002297a 4500 | ||
|---|---|---|---|
| 005 | 20180611163430.0 | ||
| 010 | _aB-688684-705 | ||
| 020 |
_a9788123779614 _c310.00 |
||
| 035 | _aEN-102892 | ||
| 035 | _aB-688684-705 | ||
| 037 |
_bBookwell _adpl |
||
| 037 | _bDBAD/PUB | ||
| 082 | _a620.5 | ||
| 100 | _aRajan,Mohan Sundara | ||
| 245 |
_aNano : _cby Mohan Sundara Rajan ; illustrator Narendra Tyagi _bthe next revolution / |
||
| 260 |
_bNational Book Trust _c2016 _aNew Delhi |
||
| 270 |
_aNehru bhawan, 5 institutional area, phase-II vasant kunj _bNew Delhi _e110070 |
||
| 300 |
_axii,291p.: _c22cm(pbk) _bill. |
||
| 700 | _a Narendra Tyagi | ||
| 942 |
_2ddc _cEN _h620.5 _mRAJ |
||
| 999 |
_c142671 _d142671 |
||